书目信息 |
| 题名: |
自然与人生
|
|
| 作者: | 德富芦花 著 ;陈德文 译 | |
| 分册: | ||
| 出版信息: | 天津 百花文艺出版社 1984 |
|
| 页数: | 171页 | |
| 开本: | 21cm | |
| 丛书名: | ||
| 单 册: | ||
| 中图分类: | I313.65 | |
| 科图分类: | ||
| 主题词: | 散文--日本--现代--选集 | |
| 电子资源: | ||
| ISBN: | ||
| 000 | 00667nam0 2200241 45 | |
| 001 | 0184004506 | |
| 005 | 20060921090517.34 | |
| 010 | @dCNY1.15 | |
| 091 | @aCN@b10151.752 | |
| 100 | @a19950426d1984 em y0chiy0121 ea | |
| 101 | 1 | @achi@cjpn |
| 102 | @aCN@b120000 | |
| 105 | @ay z 000cy | |
| 200 | 10 | @a自然与人生@Azi ran yu ren sheng@f(日)德富芦花著@g陈德文译 |
| 210 | @a天津@c百花文艺出版社@d1984 | |
| 215 | @a171页@d21cm | |
| 606 | @a散文@y日本@z现代@x选集 | |
| 690 | @aI313.65@v3 | |
| 701 | 0 | @a德富芦花@Ade fu lu hua@4著 |
| 702 | 0 | @a陈德文@Achen de wen@4译 |
| 801 | 2 | @aCN@bNLC@c20060921 |
| 801 | 0 | @aCN@bTSSF@c20060810 |
| 905 | @a10447@dI313.65@e197 | |
| 自然与人生/(日)德富芦花著/陈德文译.-天津:百花文艺出版社,1984 |
| 171页;21cm |
| ISBN :CNY1.15 |
| ● |
| 相关链接 |
|
|
|
|
正题名:自然与人生
索取号:I313.65/197
 
预约/预借
| 序号 | 登录号 | 条形码 | 馆藏地/架位号 | 状态 | 备注 |
| 1 | 0422124 | 204221243 | 密集书库/ [索取号:I313.65/197] | 在馆 | |
| 2 | 0428328 | 204283284 | 密集书库/ [索取号:I313.65/197] | 在馆 | |
| 3 | 0448573 | 204485734 | 密集书库/ [索取号:I313.65/197] | 在馆 |